000 01192nam a2200289 i 4500
001 000046267
003 DO-SdBNP
005 20250203093458.0
007 ta
008 150713s2004 dr ac 000 0 spa d
020 _a9945405063
040 _aDO-SdBNP
_bspa
_cBNPHU
_erda
082 4 _222
_axxx
_bW641p
100 1 _aWidmer S., Rudolf,
_d1958-
_974286
_eautor
245 1 3 _aLa propiedad en entredicho :
_buna historia documental de Higüey, siglos XVII-XIX /
_cRudolf Widmer S.
264 _aSanto Domingo :
_bManatí,
_c2004.
300 _a271 páginas :
_bilustraciones, mapas ;
_c22 cm.
336 _2rdacontent
_atexto
_btxt
337 _2rdamedia
_asin mediación
_bn
338 _2rdacarrier
_avolumen
_bnc
500 _aIncluye índice onomástico y topográfico
500 _aIncluye referencias bibliográficas y notas al pie de las páginas.
500 _aIncluye datos biográficos del autor en la solapa de la contracubierta.
505 0 _aInventario del Archivo Real de Higüey --
_tObras citadas --
_tInventario del Archivo Real de Higüey --
_tMapas --
_tSelección de documentos --
_tAnexos
_tDescripcion de un hato --
590 _aInventariado, 2024/BT
942 _2ddc
_cLBS1
999 _c45756
_d45756